| 000 | 01295nam a22003737a 4500 | ||
|---|---|---|---|
| 003 | CHAP | ||
| 005 | 20220329134523.0 | ||
| 008 | 971013c19851973 r 00010 d | ||
| 010 | _a21551 | ||
| 011 | _a22523 | ||
| 035 | _a26618 | ||
| 040 | _cCHAP | ||
| 082 |
_a300.18 _bB6Y |
||
| 100 | 0 | 0 |
_aBoudon, Raymond. _914734 |
| 245 | _aMetodología de las ciencias sociales | ||
| 260 |
_aBarcelona : _bLaia, _c1985 (1973) |
||
| 300 |
_a2 v. _b: ilus. |
||
| 490 |
_aPapel _v; 15, 25 |
||
| 590 |
_aBATCH-UPD _b10 _c20130110 _lUCH01 _h0030 |
||
| 590 |
_aBATCH-UPD _b10 _c20130110 _lUCH01 _h0947 |
||
| 590 |
_aBATCH-UPD _b10 _c20130410 _lUCH01 _h0602 |
||
| 590 |
_aBATCH-UPD _b10 _c20130914 _lUCH01 _h0752 |
||
| 590 |
_aCONVERSION _b10 _c20130109 _lUCH01 _h1313 |
||
| 650 | 1 | 4 |
_aCiencias sociales _xMetodología. _923230 |
| 650 | 1 | 4 |
_aSociología. _9108197 |
| 700 | 0 |
_aLazarsfeld, Paul F. _965206 |
|
| 830 |
_aPapel _v; 15, 25 _985369 |
||
| 901 | _aBK | ||
| 942 | _cLIBRO | ||
| 949 |
_a300.18 B6Y _bBC _cLIBRO _d33724000226155 _eLIBRO _fv.2 _h64246 _i26618 _si |
||
| 949 |
_a300.18 B6Y _bBC _cLIBRO _d33724000226163 _eLIBRO _fv.2 c.2 _h64247 _i26618 _si |
||
| 949 |
_a300.18 B6Y _bBC _cLIBRO _d33724000226247 _eLIBRO _fv.1 c.2 _h64569 _i26618 _si |
||
| 949 |
_a300.18 B6Y _bBC _cLIBRO _d33724000316790 _eLIBRO _fv.1 _h64245 _i26618 _si |
||
| 999 |
_c21551 _d21551 |
||